| 000 | 00907nam a22002175i 4500 | ||
|---|---|---|---|
| 001 | 164555 | ||
| 003 | ES-MaACL | ||
| 005 | 20250824211013.0 | ||
| 008 | 990129m18821886sp a |||| | spa d | ||
| 040 |
_aM-RABA _bspa _cM-RABA _dCCPB | B |
||
| 100 | 2 |
_aSánchez de Badajoz, Diego, _dca. 1479-ca. 1545 _9133019 |
|
| 245 | 1 | 0 |
_aRecopilación en metro del bachiller Diego Sánchez de Badajoz / _creimpresa del ejemplar único por V. Barrantes. |
| 260 |
_aMadrid : _bLibrería de los Bibliófilos : _bFernando Fé, _c1882-1886 ( _fEstablecimiento Tipográfico de Ricardo Fé) |
||
| 300 |
_a2 v. ; _c19 cm. |
||
| 490 | 1 |
_aLibros de antaño ; _v11-12 |
|
| 597 | 1 | _aV.1. (XVIII, 442 p., 1 h. de lám.) -- V.2. (435 p.) | |
| 700 | 1 |
_aBarrantes, Vicente, _d1829-1898 _925851 |
|
| 830 | 0 | 0 |
_aLibros de antaño _v11-12 _9188315 |
| 852 |
_aES-MaACL _jF-13540-41 _z-- Enc. tela |
||
| 999 |
_c164555 _d164555 |
||